zpět

Detail výsledku týmu

Jak jinak pub, Třebíč

Datum a čas kvízu

26 Celkem bodů Celkový počet nahraných bodů na tomto kvízu bez doplňovacích otázek.
5. Pořadí na kvízu Konečné umístění týmu na tomto kvízu.

Zaznamenané odpovědi

# Otázka Odpověď Body Výsledky
1. Která sedmipodlažní budova obc... Kotva 1
2. Na poslední chvíli se přihlási... Igor Matovič 0
3. Cenu Czech Press Photo za rok... D) v budově soudu 1
4. Minulý týden byl spuštěn elekt... DiPSy 0
5. Který sportovec, muž narozený... Ladislav Krejčí 0
6. Ve třetím díle cestovatelského... z Janských Lázní 1
7. Stále větší oblibě cestovatelů... portugalština 0
8. Ve kterém americkém městě může... v Los Angeles 0
9. S písmenem M se vracíme do Čes... v Moravském Krumlově 1
10. Ve kterém století byl vybudová... v 19. století 0